[Event "DEM U12 2021"]
[Site "Willingen GER"]
[Date "2021.08.27"]
[Round "7"]
[White "Sommer, Justus"]
[Black "Wieser, Rouven"]
[Result "1-0"]
[Termination "normal"]
[Board "7"]
[WhiteElo "1790"]
[BlackElo "1295"]
[WhiteClock "00:43:15"]
[BlackClock "00:07:04"]
[PlyCount "75"]
[WhiteFideId "16245008"]
[BlackFideId "34608761"]
[EventCountry "GER"]
[EventRounds "9"]
[EventType "swiss"]
[EventDate "2021.08.22"]

1. e4 {[%clk 01:30:39]} {[%emt 00:00:18]} c5 {[%clk 01:30:35]} {[%emt
00:00:27]} 2. Nf3 {[%clk 01:30:55]} {[%emt 00:00:13]} Nc6 {[%clk 01:30:23]}
{[%emt 00:00:44]} 3. c3 {[%clk 01:30:17]} {[%emt 00:01:08]} g6 {[%clk
01:29:30]} {[%emt 00:01:23]} 4. d4 {[%clk 01:29:31]} {[%emt 00:01:15]} cxd4
{[%clk 01:27:45]} {[%emt 00:02:16]} 5. cxd4 {[%clk 01:29:43]} {[%emt 00:00:17]}
Bg7 {[%clk 01:26:55]} {[%emt 00:01:21]} 6. Be3 {[%clk 01:27:40]} {[%emt
00:02:32]} Nf6 {[%clk 01:25:02]} {[%emt 00:02:25]} 7. d5 {[%clk 01:22:07]}
{[%emt 00:06:03]} Nb4 {[%clk 01:22:10]} {[%emt 00:03:21]} 8. a3 {[%clk
01:21:06]} {[%emt 00:01:31]} Na6 {[%clk 01:21:57]} {[%emt 00:00:43]} 9. Nc3
{[%clk 01:21:09]} {[%emt 00:00:27]} O-O {[%clk 01:17:50]} {[%emt 00:04:37]} 10.
h3 {[%clk 01:18:39]} {[%emt 00:02:59]} Qa5 {[%clk 01:11:13]} {[%emt 00:07:09]}
11. b4 {[%clk 01:10:37]} {[%emt 00:08:31]} Nxb4 {[%clk 01:08:07]} {[%emt
00:03:36]} 12. axb4 {[%clk 01:10:57]} {[%emt 00:00:10]} Qxb4 {[%clk 01:08:10]}
{[%emt 00:00:27]} 13. Qd4 {[%clk 01:10:31]} {[%emt 00:00:56]} Qxd4 {[%clk
01:05:17]} {[%emt 00:03:24]} 14. Bxd4 {[%clk 01:09:59]} {[%emt 00:01:00]} d6
{[%clk 01:00:04]} {[%emt 00:05:44]} 15. Bb5 {[%clk 00:59:30]} {[%emt 00:10:58]}
Bd7 {[%clk 00:47:37]} {[%emt 00:12:58]} 16. Bxd7 {[%clk 00:57:12]} {[%emt
00:02:48]} Nxd7 {[%clk 00:46:12]} {[%emt 00:01:56]} 17. Ke2 {[%clk 00:55:45]}
{[%emt 00:01:56]} Rfc8 {[%clk 00:41:30]} {[%emt 00:05:12]} 18. Kd2 {[%clk
00:51:58]} {[%emt 00:04:17]} Bxd4 {[%clk 00:36:16]} {[%emt 00:05:45]} 19. Nxd4
{[%clk 00:52:17]} {[%emt 00:00:10]} Nc5 {[%clk 00:34:19]} {[%emt 00:02:27]} 20.
Rhb1 {[%clk 00:49:40]} {[%emt 00:03:06]} Rcb8 {[%clk 00:20:00]} {[%emt
00:14:50]} 21. Nb3 {[%clk 00:47:44]} {[%emt 00:02:26]} b6 {[%clk 00:14:58]}
{[%emt 00:05:32]} 22. Nxc5 {[%clk 00:45:54]} {[%emt 00:02:21]} dxc5 {[%clk
00:14:59]} {[%emt 00:00:28]} 23. Ra6 {[%clk 00:46:14]} {[%emt 00:00:10]} Rb7
{[%clk 00:13:16]} {[%emt 00:02:13]} 24. Nb5 {[%clk 00:45:49]} {[%emt 00:00:52]}
Kg7 {[%clk 00:11:14]} {[%emt 00:02:34]} 25. f4 {[%clk 00:44:39]} {[%emt
00:01:40]} Kf6 {[%clk 00:09:10]} {[%emt 00:02:35]} 26. g4 {[%clk 00:42:23]}
{[%emt 00:02:46]} h6 {[%clk 00:06:05]} {[%emt 00:03:35]} 27. Rba1 {[%clk
00:41:42]} {[%emt 00:01:10]} g5 {[%clk 00:06:02]} {[%emt 00:00:33]} 28. e5+
{[%clk 00:42:03]} {[%emt 00:00:10]} Kg7 {[%clk 00:06:16]} {[%emt 00:00:16]} 29.
f5 {[%clk 00:42:28]} {[%emt 00:00:05]} e6 {[%clk 00:05:53]} {[%emt 00:00:53]}
30. f6+ {[%clk 00:42:29]} {[%emt 00:00:28]} Kf8 {[%clk 00:06:10]} {[%emt
00:00:13]} 31. d6 {[%clk 00:42:52]} {[%emt 00:00:08]} Ke8 {[%clk 00:05:59]}
{[%emt 00:00:41]} 32. Nc7+ {[%clk 00:42:04]} {[%emt 00:01:17]} Rxc7 {[%clk
00:06:04]} {[%emt 00:00:26]} 33. dxc7 {[%clk 00:42:29]} {[%emt 00:00:05]} Kd7
{[%clk 00:05:55]} {[%emt 00:00:39]} 34. Rxa7 {[%clk 00:42:48]} {[%emt
00:00:11]} Rc8 {[%clk 00:06:19]} {[%emt 00:00:06]} 35. Rb7 {[%clk 00:42:08]}
{[%emt 00:01:10]} Rxc7 {[%clk 00:06:24]} {[%emt 00:00:25]} 36. Raa7 {[%clk
00:42:29]} {[%emt 00:00:09]} Rxb7 {[%clk 00:06:43]} {[%emt 00:00:11]} 37. Rxb7+
{[%clk 00:42:54]} {[%emt 00:00:05]} Kc6 {[%clk 00:07:04]} {[%emt 00:00:08]} 38.
Rxf7 {[%clk 00:43:15]} {[%emt 00:00:10]} 1-0

[Event "DEM U12 2021"]
[Site "Willingen GER"]
[Date "2021.08.27"]
[Round "7"]
[White "Lu, Yunong Elias"]
[Black "Schuricht, Emil Frederick"]
[Result "1-0"]
[Termination "normal"]
[Board "8"]
[WhiteElo "1557"]
[BlackElo "1422"]
[WhiteClock "00:43:40"]
[BlackClock "00:03:56"]
[PlyCount "127"]
[WhiteFideId "16276426"]
[BlackFideId "16270185"]
[EventCountry "GER"]
[EventRounds "9"]
[EventType "swiss"]
[EventDate "2021.08.22"]

1. e4 {[%clk 01:30:55]} {[%emt 00:00:03]} c6 {[%clk 01:30:44]} {[%emt
00:00:19]} 2. Nc3 {[%clk 01:31:11]} {[%emt 00:00:13]} d5 {[%clk 01:30:44]}
{[%emt 00:00:31]} 3. Nf3 {[%clk 01:31:17]} {[%emt 00:00:22]} dxe4 {[%clk
01:30:37]} {[%emt 00:00:39]} 4. Nxe4 {[%clk 01:31:21]} {[%emt 00:00:23]} Nf6
{[%clk 01:30:54]} {[%emt 00:00:15]} 5. Qe2 {[%clk 01:31:19]} {[%emt 00:00:31]}
Nxe4 {[%clk 01:30:29]} {[%emt 00:00:56]} 6. Qxe4 {[%clk 01:31:25]} {[%emt
00:00:20]} Nd7 {[%clk 01:29:00]} {[%emt 00:02:03]} 7. Bc4 {[%clk 01:28:16]}
{[%emt 00:03:38]} Nf6 {[%clk 01:27:27]} {[%emt 00:02:04]} 8. Ne5 {[%clk
01:26:52]} {[%emt 00:01:53]} e6 {[%clk 01:26:41]} {[%emt 00:01:17]} 9. Qe2
{[%clk 01:25:41]} {[%emt 00:01:41]} Bd6 {[%clk 01:22:29]} {[%emt 00:04:43]} 10.
d4 {[%clk 01:20:41]} {[%emt 00:05:29]} Qb6 {[%clk 01:19:07]} {[%emt 00:03:53]}
11. c3 {[%clk 01:18:01]} {[%emt 00:03:09]} O-O {[%clk 01:16:30]} {[%emt
00:03:05]} 12. O-O {[%clk 01:12:54]} {[%emt 00:05:39]} c5 {[%clk 01:13:28]}
{[%emt 00:03:32]} 13. Be3 {[%clk 01:08:46]} {[%emt 00:04:38]} Nd5 {[%clk
01:12:30]} {[%emt 00:01:27]} 14. Bxd5 {[%clk 01:03:31]} {[%emt 00:05:46]} exd5
{[%clk 01:12:34]} {[%emt 00:00:25]} 15. dxc5 {[%clk 01:03:54]} {[%emt
00:00:09]} Bxc5 {[%clk 01:12:22]} {[%emt 00:00:41]} 16. Bxc5 {[%clk 01:04:01]}
{[%emt 00:00:21]} Qxc5 {[%clk 01:12:22]} {[%emt 00:00:31]} 17. Qd2 {[%clk
00:56:18]} {[%emt 00:08:14]} Bf5 {[%clk 01:09:39]} {[%emt 00:03:12]} 18. Nf3
{[%clk 00:55:20]} {[%emt 00:01:28]} b5 {[%clk 01:02:25]} {[%emt 00:07:46]} 19.
Nd4 {[%clk 00:47:00]} {[%emt 00:08:42]} Bd7 {[%clk 00:58:59]} {[%emt 00:04:04]}
20. Rad1 {[%clk 00:45:15]} {[%emt 00:02:15]} Qc4 {[%clk 00:56:46]} {[%emt
00:02:43]} 21. a3 {[%clk 00:44:36]} {[%emt 00:01:08]} a5 {[%clk 00:54:25]}
{[%emt 00:02:52]} 22. Nc2 {[%clk 00:43:32]} {[%emt 00:01:34]} Be6 {[%clk
00:49:47]} {[%emt 00:05:08]} 23. Ne3 {[%clk 00:42:28]} {[%emt 00:01:33]} Qb3
{[%clk 00:49:41]} {[%emt 00:00:36]} 24. f4 {[%clk 00:41:19]} {[%emt 00:01:40]}
f5 {[%clk 00:47:29]} {[%emt 00:02:41]} 25. Rfe1 {[%clk 00:38:55]} {[%emt
00:02:54]} Rfe8 {[%clk 00:39:38]} {[%emt 00:08:22]} 26. Qc2 {[%clk 00:32:33]}
{[%emt 00:06:52]} Qxc2 {[%clk 00:30:25]} {[%emt 00:09:43]} 27. Nxc2 {[%clk
00:32:44]} {[%emt 00:00:17]} g6 {[%clk 00:22:48]} {[%emt 00:08:09]} 28. Nd4
{[%clk 00:31:17]} {[%emt 00:01:57]} Bf7 {[%clk 00:21:15]} {[%emt 00:02:03]} 29.
Nxb5 {[%clk 00:30:25]} {[%emt 00:01:22]} Rxe1+ {[%clk 00:17:54]} {[%emt
00:03:50]} 30. Rxe1 {[%clk 00:29:20]} {[%emt 00:01:34]} Rb8 {[%clk 00:18:01]}
{[%emt 00:00:24]} 31. a4 {[%clk 00:27:58]} {[%emt 00:01:52]} Be8 {[%clk
00:17:47]} {[%emt 00:00:44]} 32. b4 {[%clk 00:23:20]} {[%emt 00:05:08]} axb4
{[%clk 00:16:45]} {[%emt 00:01:32]} 33. cxb4 {[%clk 00:22:42]} {[%emt
00:01:08]} Bxb5 {[%clk 00:16:46]} {[%emt 00:00:29]} 34. axb5 {[%clk 00:23:05]}
{[%emt 00:00:07]} Rxb5 {[%clk 00:17:10]} {[%emt 00:00:07]} 35. Rb1 {[%clk
00:23:15]} {[%emt 00:00:20]} Kf7 {[%clk 00:16:02]} {[%emt 00:01:38]} 36. Kf2
{[%clk 00:23:28]} {[%emt 00:00:16]} d4 {[%clk 00:15:02]} {[%emt 00:01:30]} 37.
Ke2 {[%clk 00:23:18]} {[%emt 00:00:40]} Ke6 {[%clk 00:14:53]} {[%emt 00:00:39]}
38. Kd3 {[%clk 00:23:39]} {[%emt 00:00:10]} Kd5 {[%clk 00:13:19]} {[%emt
00:02:05]} 39. g3 {[%clk 00:23:45]} {[%emt 00:00:23]} h6 {[%clk 00:13:08]}
{[%emt 00:00:41]} 40. h4 {[%clk 00:23:24]} {[%emt 00:00:50]} Rb8 {[%clk
00:09:15]} {[%emt 00:04:23]} 41. b5 {[%clk 00:20:48]} {[%emt 00:03:07]} Rb6
{[%clk 00:06:20]} {[%emt 00:03:26]} 42. Re1 {[%clk 00:14:44]} {[%emt 00:06:33]}
Kc5 {[%clk 00:18:03]} {[%emt 00:18:46]} 43. Re5+ {[%clk 00:44:29]} {[%emt
00:00:45]} Kb4 {[%emt 00:00:08]} 44. Kxd4 {[%clk 00:44:33]} {[%emt 00:00:24]}
Rd6 {[%clk 00:18:47]} {[%emt 00:00:10]} 45. Rd5 {[%clk 00:44:34]} {[%emt
00:00:30]} Re6 {[%clk 00:19:11]} {[%emt 00:00:06]} 46. h5 {[%clk 00:43:11]}
{[%emt 00:01:53]} Re4 {[%clk 00:16:00]} {[%emt 00:03:41]} 47. Kd3 {[%clk
00:43:28]} {[%emt 00:00:12]} Re1 {[%clk 00:16:05]} {[%emt 00:00:25]} 48. Re5
{[%clk 00:43:24]} {[%emt 00:00:35]} Rg1 {[%clk 00:12:43]} {[%emt 00:03:51]} 49.
hxg6 {[%clk 00:42:31]} {[%emt 00:01:24]} Rxg3+ {[%clk 00:12:46]} {[%emt
00:00:26]} 50. Kd4 {[%clk 00:42:28]} {[%emt 00:00:34]} Rxg6 {[%clk 00:07:15]}
{[%emt 00:06:01]} 51. Rxf5 {[%clk 00:42:47]} {[%emt 00:00:09]} Ka5 {[%clk
00:06:21]} {[%emt 00:01:26]} 52. Rd5 {[%clk 00:42:47]} {[%emt 00:00:30]} Rg1
{[%clk 00:04:10]} {[%emt 00:02:40]} 53. f5 {[%clk 00:41:48]} {[%emt 00:01:29]}
h5 {[%clk 00:04:08]} {[%emt 00:00:32]} 54. f6 {[%clk 00:41:49]} {[%emt
00:00:29]} Rf1 {[%clk 00:04:13]} {[%emt 00:00:26]} 55. Ke5 {[%clk 00:42:01]}
{[%emt 00:00:18]} h4 {[%clk 00:04:28]} {[%emt 00:00:14]} 56. Ke6 {[%clk
00:42:25]} {[%emt 00:00:06]} h3 {[%clk 00:04:36]} {[%emt 00:00:21]} 57. Rh5
{[%clk 00:42:00]} {[%emt 00:00:57]} h2 {[%clk 00:04:01]} {[%emt 00:01:05]} 58.
Rxh2 {[%clk 00:42:24]} {[%emt 00:00:05]} Kxb5 {[%clk 00:04:26]} {[%emt
00:00:05]} 59. f7 {[%clk 00:42:49]} {[%emt 00:00:05]} Kc6 {[%clk 00:04:22]}
{[%emt 00:00:35]} 60. Rc2+ {[%clk 00:43:14]} {[%emt 00:00:04]} Kb7 {[%clk
00:04:29]} {[%emt 00:00:24]} 61. Rc5 {[%clk 00:42:33]} {[%emt 00:01:11]} Re1+
{[%clk 00:03:35]} {[%emt 00:01:24]} 62. Re5 {[%clk 00:42:57]} {[%emt 00:00:05]}
Rf1 {[%clk 00:03:51]} {[%emt 00:00:14]} 63. Rf5 {[%clk 00:43:14]} {[%emt
00:00:13]} Re1+ {[%clk 00:03:56]} {[%emt 00:00:25]} 64. Kf6 {[%clk 00:43:40]}
{[%emt 00:00:05]} 1-0

[Event "DEM U12 2021"]
[Site "Willingen GER"]
[Date "2021.08.27"]
[Round "7"]
[White "Nönnig, Jakob"]
[Black "Huber, Benedikt"]
[Result "0-1"]
[Termination "normal"]
[Board "9"]
[WhiteElo "1442"]
[BlackElo "1613"]
[WhiteClock "00:08:53"]
[BlackClock "00:06:16"]
[PlyCount "148"]
[WhiteFideId "16289447"]
[BlackFideId "16281225"]
[EventCountry "GER"]
[EventRounds "9"]
[EventType "swiss"]
[EventDate "2021.08.22"]

1. e4 {[%clk 01:30:58]} {[%emt 00:00:02]} e6 {[%clk 01:30:55]} {[%emt
00:00:06]} 2. d4 {[%clk 01:31:22]} {[%emt 00:00:05]} d5 {[%clk 01:31:23]}
{[%emt 00:00:03]} 3. Nd2 {[%clk 01:31:44]} {[%emt 00:00:08]} c5 {[%clk
01:31:43]} {[%emt 00:00:10]} 4. exd5 {[%clk 01:31:57]} {[%emt 00:00:16]} Qxd5
{[%clk 01:32:10]} {[%emt 00:00:04]} 5. Ngf3 {[%clk 01:32:14]} {[%emt 00:00:13]}
cxd4 {[%clk 01:32:34]} {[%emt 00:00:06]} 6. Bc4 {[%clk 01:32:27]} {[%emt
00:00:16]} Qd6 {[%clk 01:33:01]} {[%emt 00:00:03]} 7. O-O {[%clk 01:32:37]}
{[%emt 00:00:20]} Nf6 {[%clk 01:33:28]} {[%emt 00:00:04]} 8. Nb3 {[%clk
01:32:43]} {[%emt 00:00:24]} Nc6 {[%clk 01:33:50]} {[%emt 00:00:08]} 9. Nbxd4
{[%clk 01:32:47]} {[%emt 00:00:25]} Nxd4 {[%clk 01:34:14]} {[%emt 00:00:07]}
10. Nxd4 {[%clk 01:32:41]} {[%emt 00:00:36]} Be7 {[%clk 01:34:37]} {[%emt
00:00:06]} 11. Be3 {[%clk 01:23:49]} {[%emt 00:09:22]} O-O {[%clk 01:34:02]}
{[%emt 00:01:06]} 12. Qe2 {[%clk 01:20:21]} {[%emt 00:03:55]} Bd7 {[%clk
01:32:22]} {[%emt 00:02:13]} 13. Rad1 {[%clk 01:16:38]} {[%emt 00:04:13]} Qc7
{[%clk 01:24:04]} {[%emt 00:08:48]} 14. f3 {[%clk 01:06:56]} {[%emt 00:10:12]}
Rac8 {[%clk 01:18:54]} {[%emt 00:05:39]} 15. Bb3 {[%clk 01:01:29]} {[%emt
00:05:57]} Bc5 {[%clk 01:11:29]} {[%emt 00:07:55]} 16. c3 {[%clk 00:57:53]}
{[%emt 00:04:06]} e5 {[%clk 01:01:46]} {[%emt 00:10:13]} 17. Nc2 {[%clk
00:57:52]} {[%emt 00:00:31]} Bf5 {[%clk 00:57:52]} {[%emt 00:04:25]} 18. Rd2
{[%clk 00:54:55]} {[%emt 00:03:27]} e4 {[%clk 00:51:08]} {[%emt 00:07:14]} 19.
Kh1 {[%clk 00:45:32]} {[%emt 00:09:52]} exf3 {[%clk 00:43:30]} {[%emt
00:08:08]} 20. Qxf3 {[%clk 00:42:27]} {[%emt 00:03:34]} Bg4 {[%clk 00:27:11]}
{[%emt 00:16:50]} 21. Qf4 {[%clk 00:39:17]} {[%emt 00:03:40]} Bxe3 {[%clk
00:21:34]} {[%emt 00:06:07]} 22. Qxe3 {[%clk 00:29:37]} {[%emt 00:10:09]} a6
{[%clk 00:14:37]} {[%emt 00:07:28]} 23. Nd4 {[%clk 00:22:52]} {[%emt 00:07:15]}
Rce8 {[%clk 00:13:15]} {[%emt 00:01:52]} 24. Qd3 {[%clk 00:22:29]} {[%emt
00:00:51]} Ne4 {[%clk 00:12:08]} {[%emt 00:01:39]} 25. Rc2 {[%clk 00:22:24]}
{[%emt 00:00:34]} Bh5 {[%clk 00:10:26]} {[%emt 00:02:13]} 26. Qh3 {[%clk
00:17:42]} {[%emt 00:05:12]} Bg6 {[%clk 00:10:02]} {[%emt 00:00:54]} 27. Re2
{[%clk 00:16:13]} {[%emt 00:01:57]} Ng5 {[%clk 00:07:34]} {[%emt 00:03:00]} 28.
Qg4 {[%clk 00:12:30]} {[%emt 00:04:12]} Rxe2 {[%clk 00:07:10]} {[%emt
00:00:55]} 29. Qxe2 {[%clk 00:12:35]} {[%emt 00:00:25]} Ne4 {[%clk 00:06:26]}
{[%emt 00:01:14]} 30. Bc2 {[%clk 00:11:24]} {[%emt 00:01:41]} Re8 {[%clk
00:05:22]} {[%emt 00:01:34]} 31. Bxe4 {[%clk 00:09:49]} {[%emt 00:02:06]} Rxe4
{[%clk 00:04:43]} {[%emt 00:01:07]} 32. Qd2 {[%clk 00:08:12]} {[%emt 00:02:07]}
Qe7 {[%clk 00:04:16]} {[%emt 00:00:58]} 33. h3 {[%clk 00:07:00]} {[%emt
00:01:42]} h6 {[%emt 00:02:50]} 34. b4 {[%clk 00:05:25]} Qg5 {[%clk 00:02:45]}
{[%emt 00:01:47]} 35. Qxg5 {[%clk 00:03:15]} {[%emt 00:02:39]} hxg5 {[%clk
00:03:10]} {[%emt 00:00:05]} 36. Rf3 {[%clk 00:03:25]} {[%emt 00:00:18]} Re1+
{[%clk 00:02:49]} {[%emt 00:00:53]} 37. Kh2 {[%clk 00:03:27]} {[%emt 00:00:29]}
f6 {[%clk 00:01:48]} {[%emt 00:01:31]} 38. Nb3 {[%clk 00:02:22]} {[%emt
00:01:34]} Re2 {[%clk 00:01:38]} {[%emt 00:00:40]} 39. a4 {[%clk 00:01:24]}
{[%emt 00:01:29]} Be4 {[%clk 00:00:48]} {[%emt 00:01:19]} 40. Rg3 {[%clk
00:01:36]} {[%emt 00:00:17]} Bd5 {[%clk 00:00:33]} {[%emt 00:00:46]} 41. Nd4
{[%clk 00:01:23]} {[%emt 00:00:43]} Ra2 {[%clk 00:24:43]} {[%emt 00:06:20]} 42.
a5 {[%clk 00:27:13]} {[%emt 00:04:40]} g6 {[%clk 00:18:42]} {[%emt 00:06:31]}
43. Kg1 {[%clk 00:23:46]} {[%emt 00:03:55]} Kf7 {[%clk 00:17:20]} {[%emt
00:01:54]} 44. Kf1 {[%clk 00:22:47]} {[%emt 00:01:28]} Ra1+ {[%clk 00:14:46]}
{[%emt 00:03:04]} 45. Kf2 {[%clk 00:22:43]} {[%emt 00:00:30]} Ra2+ {[%clk
00:14:49]} {[%emt 00:00:32]} 46. Ne2 {[%clk 00:22:58]} {[%emt 00:00:15]} Bc4
{[%clk 00:14:11]} {[%emt 00:01:07]} 47. Re3 {[%clk 00:22:53]} {[%emt 00:00:35]}
Rc2 {[%clk 00:13:37]} {[%emt 00:01:05]} 48. Ke1 {[%clk 00:19:02]} {[%emt
00:04:20]} Bxe2 {[%clk 00:12:41]} {[%emt 00:01:27]} 49. Rxe2 {[%clk 00:19:14]}
{[%emt 00:00:18]} Rxc3 {[%clk 00:13:06]} {[%emt 00:00:05]} 50. Re4 {[%clk
00:15:54]} {[%emt 00:03:50]} Rc7 {[%clk 00:12:13]} {[%emt 00:01:22]} 51. Kd2
{[%clk 00:15:56]} {[%emt 00:00:28]} f5 {[%clk 00:11:42]} {[%emt 00:01:02]} 52.
Rd4 {[%clk 00:14:49]} {[%emt 00:01:37]} Ke7 {[%clk 00:06:45]} {[%emt 00:05:27]}
53. Ke3 {[%clk 00:14:40]} {[%emt 00:00:38]} Rc2 {[%clk 00:06:04]} {[%emt
00:01:12]} 54. Kf3 {[%clk 00:14:33]} {[%emt 00:00:36]} Ke6 {[%clk 00:05:15]}
{[%emt 00:01:20]} 55. Kg3 {[%clk 00:14:38]} {[%emt 00:00:25]} f4+ {[%clk
00:04:17]} {[%emt 00:01:28]} 56. Kf3 {[%clk 00:14:49]} {[%emt 00:00:19]} Rc3+
{[%clk 00:04:11]} {[%emt 00:00:35]} 57. Kf2 {[%clk 00:14:13]} {[%emt 00:01:06]}
Rb3 {[%clk 00:04:06]} {[%emt 00:00:36]} 58. Rc4 {[%clk 00:12:01]} {[%emt
00:02:40]} Rd3 {[%clk 00:02:01]} {[%emt 00:02:36]} 59. Rc5 {[%clk 00:09:42]}
{[%emt 00:02:50]} Rd5 {[%clk 00:01:50]} {[%emt 00:00:42]} 60. Rc7 {[%clk
00:09:44]} {[%emt 00:00:21]} Rb5 {[%clk 00:01:47]} {[%emt 00:00:39]} 61. Rc5
{[%clk 00:07:16]} {[%emt 00:02:57]} Rxc5 {[%clk 00:01:51]} {[%emt 00:00:27]}
62. bxc5 {[%clk 00:07:35]} {[%emt 00:00:11]} Kd5 {[%clk 00:02:18]} {[%emt
00:00:03]} 63. Kf3 {[%clk 00:07:52]} {[%emt 00:00:11]} Kxc5 {[%clk 00:02:46]}
{[%emt 00:00:04]} 64. Kg4 {[%clk 00:08:13]} {[%emt 00:00:09]} Kb5 {[%clk
00:03:13]} {[%emt 00:00:03]} 65. Kxg5 {[%clk 00:08:18]} {[%emt 00:00:25]} Kxa5
{[%clk 00:03:37]} {[%emt 00:00:06]} 66. h4 {[%clk 00:08:24]} {[%emt 00:00:23]}
b5 {[%clk 00:03:59]} {[%emt 00:00:09]} 67. Kxg6 {[%clk 00:08:23]} {[%emt
00:00:32]} b4 {[%clk 00:04:20]} {[%emt 00:00:09]} 68. h5 {[%clk 00:08:29]}
{[%emt 00:00:22]} b3 {[%clk 00:04:43]} {[%emt 00:00:07]} 69. h6 {[%clk
00:08:42]} {[%emt 00:00:17]} b2 {[%clk 00:05:06]} {[%emt 00:00:08]} 70. h7
{[%clk 00:08:42]} {[%emt 00:00:30]} b1=Q+ {[%clk 00:05:30]} {[%emt 00:00:04]}
71. Kg7 {[%clk 00:09:07]} {[%emt 00:00:06]} Qb2+ {[%clk 00:05:17]} {[%emt
00:00:44]} 72. Kg8 {[%clk 00:09:11]} {[%emt 00:00:25]} Qxg2+ {[%clk 00:05:37]}
{[%emt 00:00:10]} 73. Kh8 {[%clk 00:08:51]} {[%emt 00:00:49]} Qh3 {[%clk
00:05:55]} {[%emt 00:00:13]} 74. Kg7 {[%clk 00:08:53]} {[%emt 00:00:27]} f3
{[%clk 00:06:16]} {[%emt 00:00:11]} 0-1

[Event "DEM U12 2021"]
[Site "Willingen GER"]
[Date "2021.08.27"]
[Round "7"]
[White "Chugunov, Ivan"]
[Black "Fruth, David"]
[Result "0-1"]
[Termination "normal"]
[Board "10"]
[WhiteElo "1488"]
[BlackElo "1749"]
[WhiteClock "00:06:37"]
[BlackClock "01:03:02"]
[PlyCount "50"]
[WhiteFideId "16256808"]
[BlackFideId "16257596"]
[EventCountry "GER"]
[EventRounds "9"]
[EventType "swiss"]
[EventDate "2021.08.22"]

1. e4 {[%clk 01:30:51]} {[%emt 00:00:08]} c5 {[%clk 01:30:59]} {[%emt
00:00:02]} 2. Nf3 {[%clk 01:31:06]} {[%emt 00:00:14]} g6 {[%clk 01:31:27]}
{[%emt 00:00:02]} 3. d4 {[%clk 01:31:15]} {[%emt 00:00:21]} Bg7 {[%clk
01:31:55]} {[%emt 00:00:02]} 4. c4 {[%clk 01:31:19]} {[%emt 00:00:26]} Nc6
{[%clk 01:32:19]} {[%emt 00:00:06]} 5. Be3 {[%clk 01:31:23]} {[%emt 00:00:26]}
Qb6 {[%clk 01:32:22]} {[%emt 00:00:28]} 6. b3 {[%clk 01:13:16]} {[%emt
00:18:37]} cxd4 {[%clk 01:32:41]} {[%emt 00:00:11]} 7. Bd2 {[%clk 01:13:28]}
{[%emt 00:00:17]} Nf6 {[%clk 01:26:11]} {[%emt 00:07:01]} 8. Bd3 {[%clk
01:10:12]} {[%emt 00:03:45]} Ng4 {[%clk 01:24:32]} {[%emt 00:02:10]} 9. Na3
{[%clk 01:05:56]} {[%emt 00:04:46]} Nb4 {[%clk 01:22:26]} {[%emt 00:02:36]} 10.
Qe2 {[%clk 01:02:19]} {[%emt 00:04:06]} O-O {[%clk 01:21:55]} {[%emt 00:01:01]}
11. O-O {[%clk 00:56:03]} {[%emt 00:06:46]} Nxd3 {[%clk 01:20:50]} {[%emt
00:01:36]} 12. Qxd3 {[%clk 00:56:09]} {[%emt 00:00:24]} Ne5 {[%clk 01:20:01]}
{[%emt 00:01:19]} 13. Nxe5 {[%clk 00:54:54]} {[%emt 00:01:45]} Bxe5 {[%clk
01:20:27]} {[%emt 00:00:03]} 14. f4 {[%clk 00:54:02]} {[%emt 00:01:22]} Bg7
{[%clk 01:20:49]} {[%emt 00:00:08]} 15. Rad1 {[%clk 00:52:24]} {[%emt
00:02:08]} d6 {[%clk 01:20:58]} {[%emt 00:00:22]} 16. Nc2 {[%clk 00:46:48]}
{[%emt 00:06:05]} Bg4 {[%clk 01:21:00]} {[%emt 00:00:27]} 17. Rde1 {[%clk
00:46:34]} {[%emt 00:00:46]} Bd7 {[%clk 01:14:33]} {[%emt 00:06:56]} 18. Kh1
{[%clk 00:41:37]} {[%emt 00:05:28]} d5 {[%clk 01:14:42]} {[%emt 00:00:20]} 19.
Nb4 {[%clk 00:29:53]} {[%emt 00:12:14]} dxc4 {[%clk 01:09:39]} {[%emt
00:05:33]} 20. bxc4 {[%clk 00:26:00]} {[%emt 00:04:24]} e6 {[%clk 01:07:23]}
{[%emt 00:02:45]} 21. Nc2 {[%clk 00:20:28]} {[%emt 00:06:02]} Rfd8 {[%clk
01:03:48]} {[%emt 00:04:05]} 22. Rb1 {[%clk 00:18:17]} {[%emt 00:02:42]} Qc7
{[%clk 01:03:52]} {[%emt 00:00:25]} 23. Rfd1 {[%clk 00:16:08]} {[%emt
00:02:39]} Rac8 {[%clk 01:04:00]} {[%emt 00:00:22]} 24. Nxd4 {[%clk 00:11:45]}
{[%emt 00:04:53]} Ba4 {[%clk 01:03:03]} {[%emt 00:01:27]} 25. Qa3 {[%clk
00:06:37]} {[%emt 00:05:38]} Bxd1 {[%clk 01:03:02]} {[%emt 00:00:31]} 0-1